Paesi di oggi dell'Impero Romano - Quiz con mappa - Statistics

Statistiche generali
  • Questo quiz è stato fatto 10.264 volte
  • Il punteggio medio è 45 su 50
Risposte nella Mappa
Le risposte nella mappa del quiz sottostante sono codificate secondo una scala di colori dal rosso al verde in base alla % di persone che hanno risposto correttamente.
 
Statistiche sulle risposte
Country % Corretto
Francia
99%
Italia
99%
Spagna
99%
Grecia
98%
Portogallo
98%
Svizzera
98%
Austria
97%
Germania
97%
Regno Unito
97%
Turchia
97%
Albania
96%
Belgio
96%
Croazia
96%
Egitto
96%
Marocco
96%
Paesi Bassi
96%
Slovenia
95%
Algeria
94%
Romania
94%
Tunisia
94%
Lussemburgo
93%
Andorra
92%
Bosnia ed Erzegovina
92%
Città del Vaticano
92%
Libia
92%
Macedonia del Nord
92%
Malta
92%
San Marino
92%
Bulgaria
91%
Cipro
91%
Monaco
91%
Montenegro
91%
Serbia
91%
Israele
90%
Kosovo
90%
Ungheria
90%
Slovacchia
87%
Iraq
86%
Iran
85%
Liechtenstein
84%
Siria
83%
Arabia Saudita
82%
Ucraina
82%
Libano
81%
Georgia
80%
Russia
80%
Armenia
77%
Giordania
76%
Azerbaijan
72%
Kuwait
54%
Nessun quiz corrispondente trovato
Distribuzione punteggi
Percentuale di utenti per punteggio
Percentile per numero di risposta
I tuoi punteggi nel tempo
Non hai fatto questo quiz